000 01516nam0a22003011 4500
001 rc\3744342
005 20260407192307.0
021 _aRU
_b[70-85532]
035 _a(NLR Aleph) 007871567
090 _a7860886
_c7860886
100 _a20130115d1970 |||y0rusy50 ca
101 0 _arus
102 _aRU
105 _ay z |||||
200 1 _aСанаторно-курортное лечение больных с заболеванием почек
_e[Материалы конференции
_fПод ред. профессоров Г.П. Шульцева и А.П. Пелещука]
_gВЦСПС. Центр. совет по управлению курортами профсоюзов
210 _aМосква
_c[Профиздат]
_d1970
215 _a48 с.
_d26
606 _aПочечные болезни
_xЛечение курорто-бальнео-физиотерапевтическое
_jСборники
_2psbo
702 1 _aПелещук
_bА.П.
_4340
702 1 _aШульцев
_bГ.П.
_4340
712 0 2 _aВЦСПС
_bЦентральный совет по управлению курортами профсоюзов
_3RU\NLR\AUTH\8810125662
_9748740
712 1 2 _aКонференция по сан.-курортному лечению больных хрон. гломерулонефритами и хрон. пиелонефритами (Ялта)
801 0 _aRU
_bNLR
_gpsbo
801 1 _aRU
_bELAR
_2rusmarc
852 _aNLR
_j70-7/495
942 _cBOOK
980 _aNB